Les travaux polonais concernant les "trésors" de monnaies coufiques trouvés en Pologne et dans les pays voisins (1800-1968)

Elmentve itt :
Bibliográfiai részletek
Szerző: Lewicki Tadeusz
Dokumentumtípus: Cikk
Megjelent: 1972
Sorozat:Archaeologia Polona
Kulcsszavak:Numizmatika, Keletkutatás
Tárgyszavak:
Online Access:http://misc.bibl.u-szeged.hu/66263
LEADER 00835nab a2200229 i 4500
001 misc66263
005 20241010090053.0
008 220525s1972 hu o 000 fre d
040 |a SZTE Miscellanea Repozitórium  |b hun 
041 |a fre 
100 1 |a Lewicki Tadeusz 
245 1 4 |a Les travaux polonais concernant les "trésors" de monnaies coufiques trouvés en Pologne et dans les pays voisins (1800-1968)  |h [elektronikus dokumentum] /  |c  Lewicki Tadeusz 
260 |c 1972 
300 |a 193-230  |c 24 cm 
300 |a [38] p.  |c 24 cm 
490 0 |a Archaeologia Polona 
561 |a Németh Gyula hagyaték 
591 |a NOZ 3162 
650 4 |a Bölcsészettudományok 
650 4 |a Történettudomány és régészet 
695 |a Numizmatika, Keletkutatás 
856 4 0 |u http://misc.bibl.u-szeged.hu/66263/1/3162_noz_l63.pdf  |z Dokumentum-elérés